¿En qué países ha tenido lugar el Motomami World Tour 2022 de Rosalía? - Estadísticas

Estadísticas generales
  • Esta prueba ha sido intentada 207 veces
  • La puntuación promedio es 13 de 15
Estadísticas de respuestas
País % Correcto
1 España
100%
15 Francia
99%
4 Argentina
97%
8 Estados Unidos
97%
10 Italia
96%
2 México
96%
11 Alemania
92%
3 Brasil
92%
9 Portugal
92%
14 Reino Unido
92%
5 Chile
90%
6 Colombia
90%
13 Bélgica
71%
12 Países Bajos
66%
7 República Dominicana
58%
No se encontraron pruebas coincidentes
Distribución de puntuación
Porcentaje de gente con cada puntuación
Porcentaje por número respondido
Historial de tus puntuaciones
No has intentado esta prueba.